Arquiteturarevista

Detalles Bibliográficos
Autor Corporativo: Universidade do Vale do Rio dos Sinos
Formato: Electrónico Revista
Lenguaje:portugués
español
Publicado: São Leopoldo, RS : Unisinos, 2005-
Materias:
Acceso en línea:Full text available from Research Library: 01/01/2011 to present

MARC

LEADER 00000nas a2200000 i 4500
001 ssj0001605840
003 WaSeSS
005 20200512172242.0
006 m d
007 cr n
008 120227c20059999bl fr p s 0 0por c
010 |a  2015240463 
022 |a 1808-5741  |l 1808-5741 
035 |a (WaSeSS)ssj0001605840 
040 |a CNCGM  |b eng  |e pn  |c CNCGM  |d OCLCQ  |d IXA  |d OCLCO  |d OCLCF  |d OCLCO  |d CUS  |d WaSeSS 
041 0 |a por  |a spa  |b eng 
042 |a pcc 
043 |a s-bl---  |a cl----- 
050 4 |a NA850 
245 0 0 |a Arquiteturarevista  |h [electronic resource]. 
246 1 |a Arquitetura revista 
260 |a São Leopoldo, RS :  |b Unisinos,  |c 2005- 
310 |a Semiannual 
362 1 |a Began with V. 1, n. 1 (jan.-jun. 2005). 
506 |a License restrictions may limit access. 
546 |a In Portuguese, some Spanish; abstracts also in English. 
588 |a Description based on: Vol. 3, no. 1 (janeiro/junho de 2007); title from PDF running title (publisher's Web iste, viewed Dec. 10, 2015). 
588 |a Latest issue consulted: Vol. 11, n. 1 (jan/jun 2015) (viewed Dec. 10, 2015). 
650 0 |a Architecture  |z Brazil  |v Periodicals. 
650 0 |a Architecture  |z Latin America  |v Periodicals. 
650 0 |a Architecture  |v Periodicals. 
650 7 |a Architecture.  |2 fast  |0 (OCoLC)fst00813346 
651 7 |a Brazil.  |2 fast  |0 (OCoLC)fst01206830 
651 7 |a Latin America.  |2 fast  |0 (OCoLC)fst01245945 
655 0 |a Electronic journals. 
710 2 |a Universidade do Vale do Rio dos Sinos. 
856 4 0 |z Full text available from Research Library: 01/01/2011 to present  |u https://search.proquest.com/publication/2040965